01285nam a22002177a 450000500170000000800410001702000150005804000070007304100080008008200240008810000190011224500710013126000450020230000320024736500200027952006560029965000280095565000230098365000400100670000210104620211111163221.0211111b ||||| |||| 00| 0 eng d a0070246718 cAL aeng 223a337.52073bGREP aJulian Gresser aPartners in Prosperity: Strategic Industries for the U S and Japan aNew YorkbMcGraw Hill Book Companyc1984 axviii,427 p.bHBc23x16 cm. b15.95c$d15.95 aGresser, a lawyer who has practiced in both the U.S. and Japan, argues that technology's crucial contribution to economic growth means that government must actively foster certain industries. He develops a method of identifying strategic industries and technologies, and a negotiation process to help the U.S. allocate resources to strategic sectors. Finally, Gresser urges that the United States and Japan pursue joint economic growth "as though their respective strategic industries were actually those of one country." With its many new insights and startling ideas, this book will profoundly influence American economic thinking for years to come. aInternational Economics aJapanese Challenge aU S Japan Technological Partnership aGRESSER (Julian)